000 01106nam a22003617a 4500
001 BR7400805
003 BR-BrBNA
005 20230928084529.0
007 ta
008 230509b bl.||||| |||| 00| 0 por d
040 _aBR-BrBNA
_bpor
_cBiblioteca Nacional de Agricultura
041 _a(Por)
072 _aF00; Q10
_b0230
_b9320
_b/G673
_b/G662
090 _ 0230 BR7400805
100 1 _aCaminha Filho, A.
110 1 _aMinisterio da Agricultura, Industria e Commercio, Rio de Janeiro, GB (Brasil). Servico de Informacoes
245 1 _aA experimentacao agricola nas Indias Neerlandezas e a cultura da canna de assucar e a industria assucareira na Ilha de Java
260 3 _aRio de Janeiro, GB (Brasil):
_c1930.
300 _a90 p.
500 _aMap, scale 1:3,000,000; 11 ref.
650 _aINDIAS NEERLANDEZAS
650 _aCANA DE ACUCAR
650 _aACUCAR
650 _aILHA DE JAVA
650 _aMERCADO
650 _aPLANTIO
650 _aADUBACAO
650 _aSEMENTE
650 _aHIBRIDACAO
650 _aUSINA
909 _a202309
_bLucia
_c55
_dLucia Elande
942 _cBK
999 _c19560
_d19560